00459nam a2200169Ia 450000500170000000800410001702000180005808200180007610000250009424500590011926000480017830000180022665000100024465000130025465000090026765000130027620240613013542.0240331s9999 xx 000 0 und d a9789559261599 bTHI2WRIa200 aThiruchandran, selvy 0aWriting Religion Locating Women cSelvy, Thiruchandran aColombobSocial Scientist Associationc2012 axxi, 320 p ., aWomen aReligion aLaws aEconomic